| 000 | 00749nam a22002297a 4500 | ||
|---|---|---|---|
| 003 | OSt | ||
| 005 | 20250828121915.0 | ||
| 008 | 250828b |||||||| |||| 00| 0 eng d | ||
| 037 | _cDissertation | ||
| 040 |
_aFEDL _beng _cFEDL |
||
| 041 |
_ahin _hhin |
||
| 082 | _a370.19 ROC/DI | ||
| 100 |
_aRocky Kumar _9819174 |
||
| 110 |
_aUniversity of Delhi. Department of Education _9818316 |
||
| 245 |
_aPanchkosh ka manosamajik vishadikaran [Hindi]/ _cby Rocky Kumar; Sandeep Kumar. Supervisor |
||
| 260 |
_bUniversity of Delhi _c2025 |
||
| 300 | _a133p. | ||
| 650 |
_aEDUCATION- SOCIAL ASPECTS _9819175 |
||
| 700 |
_aSandeep Kumar. Supervisor _9818791 |
||
| 942 |
_2ddc _cDIS _h370.19 ROC/DI _n0 |
||
| 999 |
_c1434936 _d1434936 |
||